Normal view
MARC view
Entry Personal Name
001 - CONTROL NUMBER
- control field: 1354
003 - CONTROL NUMBER IDENTIFIER
- control field: OSt
005 - DATE AND TIME OF LATEST TRANSACTION
- control field: 20260511121931.0
008 - FIXED-LENGTH DATA ELEMENTS
- fixed length control field: 260511|| aca||aabn | a|a d
040 ## - CATALOGING SOURCE
- Original cataloging agency: OSt
- Transcribing agency: OSt
100 ## - HEADING--PERSONAL NAME
- Personal name: Durga T. K
670 ## - SOURCE DATA FOUND
- Source citation: Work cat.: (OSt)17694: Durga T. K., Concept of waking state (JAGRAT), Dream (SVAPNA), deep-sleep (SUSUPTI), Turiya state in the Mandukya Upanisad and in comparison with modern Psychology, 2020